书目信息 |
| 题名: |
国外沥青路面设计方法总汇
|
|
| 作者: | 沈金安 主编 | |
| 分册: | ||
| 出版信息: | 北京 人民交通出版社 2004.04 |
|
| 页数: | 10, 345页 | |
| 开本: | 26cm | |
| 丛书名: | ||
| 单 册: | ||
| 中图分类: | U416.217 | |
| 科图分类: | ||
| 主题词: | 沥青路面--设计 | |
| 电子资源: | ||
| ISBN: | 7-114-05017-8 | |
| 000 | 00831nam0 2200229 450 | |
| 001 | 010558283221 | |
| 005 | 20051219145737.57 | |
| 010 | @a7-114-05017-8@dCNY80.00 | |
| 100 | @a20051125d2004 km y0chiy0120 ea | |
| 101 | 0 | @achi |
| 102 | @aCN@b110000 | |
| 105 | @aa z 000yy | |
| 200 | 1 | @a国外沥青路面设计方法总汇@Aguo wai li qing lu mian she ji fang fa zong hui@f沈金安主编@Fshen jin an zhu bian |
| 210 | @a北京@c人民交通出版社@d2004.04 | |
| 215 | @a10, 345页@c图@d26cm | |
| 330 | @a本书主要介绍了澳大利亚、日本、法国、南非、俄罗斯、德国、美国以及壳牌法沥青路面设计方法,附录摘录了我国台湾省的沥青路面设计方法。 | |
| 333 | @a从事沥青路面设计的工程技术和研究人员。 | |
| 606 | 0 | @a沥青路面@x设计 |
| 690 | @aU416.217@v4 | |
| 701 | 0 | @a沈金安@Ashen jin an@4主编 |
| 801 | 0 | @aCN@bQSSK@c20051219 |
| 905 | @a10447@dU416.217@eS390 | |
| 国外沥青路面设计方法总汇/沈金安主编.-北京:人民交通出版社,2004.04 |
| 10, 345页:图;26cm |
| 使用对象:从事沥青路面设计的工程技术和研究人员。 |
| ISBN 7-114-05017-8:CNY80.00 |
| 本书主要介绍了澳大利亚、日本、法国、南非、俄罗斯、德国、美国以及壳牌法沥青路面设计方法,附录摘录了我国台湾省的沥青路面设计方法。 |
| ● |
| 相关链接 |
|
|
|
正题名:国外沥青路面设计方法总汇
索取号:U416.217/S390
 
预约/预借
| 序号 | 登录号 | 条形码 | 馆藏地/架位号 | 状态 | 备注 |
| 1 | 578718 | 205787184 | 自科库501/501自科库 53排3列2层/ [索取号:U416.217/S390] | 在馆 | |
| 2 | 578719 | 205787193 | 自科库501/501自科库 53排3列2层/ [索取号:U416.217/S390] | 在馆 |